000 00774nam a2200241 a 4500
001 71005
003 BD-RjUL
005 20211209082052.0
008 170423s1990 bg a|||| |||| 00| 0 eng d
020 _c: TK. 60.00
035 _a(BD-RjUL)71219
040 _aBD-RjUL
_bben
_cBD-RjUL
_dBD-RjUL
041 _aben
082 _223
_a616.07
_bKHP 1990
100 _aখালেক, এস. এ.
_9162582
245 _aপ্যাথলজি /
_cএস. এ. খালেক
260 _aঢাকা :
_bবাংলা একাডেমী,
_c১৯৯০.
300 _aখন্ড. :
_bচিত্র. ;
_c২৪ সে.মি.
505 _aখন্ড.-২--.
650 _aরোগবিদ্যা
_9210085
650 _aPathology
_9210086
942 _2ddc
_cBK
999 _c71005
_d71005